Symposium on the Pressuremeter and Its Marine Applications / (Record no. 12303)
[ view plain ]
| 000 -LEADER | |
|---|---|
| fixed length control field | 01277cam a2200289 a 4500 |
| 001 - CONTROL NUMBER | |
| control field | 2835140 |
| 005 - DATE AND TIME OF LATEST TRANSACTION | |
| control field | 19860422000000.0 |
| 008 - FIXED-LENGTH DATA ELEMENTS--GENERAL INFORMATION | |
| fixed length control field | 850419s1982 fr a b 100 0 eng |
| 010 ## - LIBRARY OF CONGRESS CONTROL NUMBER | |
| LC control number | 83213527 |
| 020 ## - INTERNATIONAL STANDARD BOOK NUMBER | |
| International Standard Book Number | 2710804344 (pbk.) |
| 040 ## - CATALOGING SOURCE | |
| Original cataloging agency | DLC |
| Transcribing agency | DLC |
| Modifying agency | DLC |
| 050 00 - LIBRARY OF CONGRESS CALL NUMBER | |
| Classification number | TN860 |
| Item number | .R68 no. 37 |
| Classification number | TA710.5 |
| 082 00 - DEWEY DECIMAL CLASSIFICATION NUMBER | |
| Edition number | 19 |
| Classification number | 624.15136 |
| Item number | SYM |
| 111 2# - MAIN ENTRY--MEETING NAME | |
| Meeting name or jurisdiction name as entry element | Symposium on the Pressuremeter and Its Marine Applications |
| Date of meeting | (1982 : |
| Location of meeting | Paris, France) |
| 9 (RLIN) | 7887 |
| 245 10 - TITLE STATEMENT | |
| Title | Symposium on the Pressuremeter and Its Marine Applications / |
| Statement of responsibility, etc | Institut francais du petrole, Laboratoires des ponts et chaussees, Paris, 19-20 April 1982. |
| 260 ## - PUBLICATION, DISTRIBUTION, ETC. (IMPRINT) | |
| Place of publication, distribution, etc | Paris : |
| Name of publisher, distributor, etc | Editions Technip, |
| Date of publication, distribution, etc | c1982. |
| 300 ## - PHYSICAL DESCRIPTION | |
| Extent | ix, 426 p. : |
| Other physical details | ill. charts ; |
| Dimensions | 24 cm. |
| 490 #0 - Series Statement | |
| Series statement | Collection Colloques et seminaires ; |
| Volume/sequential designation | 37 |
| 504 ## - BIBLIOGRAPHY, ETC. NOTE | |
| Bibliography, etc | Includes bibliographical references. |
| 650 #0 - SUBJECT ADDED ENTRY--TOPICAL TERM | |
| Topical term or geographic name as entry element | Soil penetration test |
| General subdivision | Congresses. |
| 9 (RLIN) | 7888 |
| 650 #0 - SUBJECT ADDED ENTRY--TOPICAL TERM | |
| Topical term or geographic name as entry element | Marine geotechnique |
| General subdivision | Congresses. |
| 9 (RLIN) | 7889 |
| 650 #0 - SUBJECT ADDED ENTRY--TOPICAL TERM | |
| Topical term or geographic name as entry element | Soil mechanics |
| General subdivision | Congresses. |
| 9 (RLIN) | 7890 |
| 710 2# - ADDED ENTRY--CORPORATE NAME | |
| Corporate name or jurisdiction name as entry element | Institut francais du petrole. |
| 9 (RLIN) | 7891 |
| 710 2# - ADDED ENTRY--CORPORATE NAME | |
| Corporate name or jurisdiction name as entry element | Laboratoire central des ponts et chaussees. |
| 9 (RLIN) | 7892 |
| 942 ## - ADDED ENTRY ELEMENTS (KOHA) | |
| Source of classification or shelving scheme | Dewey Decimal Classification |
| Item type | Book - Borrowing |
| Withdrawn status | Item status | Source of classification or shelving scheme | Damaged status | Not for loan | Vendor | Home library | Current library | Shelving location | Date acquired | Source of acquisition | Cost, normal purchase price | Serial Enumeration / chronology | Total Checkouts | Full call number | Barcode | Date last seen | Koha item type |
|---|---|---|---|---|---|---|---|---|---|---|---|---|---|---|---|---|---|
| Dewey Decimal Classification | Alahram | Central Library | Central Library | First floor | 09/07/2009 | 157.40 | 72 | 624.15136 SYM | 000017465 | 15/07/2025 | Book - Borrowing |